The Ultimate Dexter Quiz - Statistics

General Stats
  • This quiz has been taken 1,025 times
    925 since last reset
  • The average score is 20 of 48
Answer Stats
Hint Answer % Correct
What is Dexters Sister called? Debra
98%
Who sees Dexter killing Travis Marshall in the Season 6 finale Debra
98%
Who is the Ghost Dexter sees in N-B Debra
98%
What is Dexters Father called? Harry
97%
What is Dexters surname? Morgan
95%
What is Dexters brother called? (Real name) Brian Moser
92%
Who was the main antagonist is season 1? The Ice truck killer
88%
Who was the main antagonist is season 4? The Trinity Killer
73%
Who was the main antagonist is season 3? Miguel Prado
68%
What is Dexters son called? Harrison
66%
Who Returns to Dexter in the 1st episode of The First Spin-off? Harrison
66%
What was Dexters wife called? Rita
66%
What is Rita’s son called? Cody
62%
Who was the main antagonist is season 6? The Doomsday Killer
62%
What is Rita’s daughter called? Astor
61%
Who is the Detective introduced in season 3? Joey Quinn
55%
Who was the main antagonist is season 2? Lila West
52%
Who was the main antagonist is season 5? Jordan Chase / Eugene Greer
51%
What was “The Brain Surgeon’s” Fake name? Oliver Saxon
49%
What was Dexters mother called Laura Moser
48%
Who was the main antagonist is season 8? The Brain Surgeon
47%
Where do Dexter and Hannah plan to escape to. Argentina
43%
What was “The Brain Surgeon’s” real name? Daniel Vogel
43%
Who is Dexter’s lover in season 7 and 8 Hannah McKay
42%
What famous actor played the above antagonist? John Lithgow
42%
What is Brian Moser’s fake name? Rudy Cooper
40%
What does Masuka find out he has in Season 8? A Daughter
39%
What is the name of Angel’s little sister? Jamie
39%
Who was the main antagonist is season 7? Isaak Sirko
38%
Who was Rita married to before Dexter Paul Bennett
38%
What famous actor played the above antagonist? Colin Hanks
31%
What does Batista open in season 8? A restaurant
27%
Where does Harry find Dexter and Brian as children? A shipping container
27%
Who does Deb start dating in season 3*hint he was a victim of the skinner Anton Briggs
21%
What is the Detective called who is introduced in season 6 and dies in season 7? Mike Anderson
20%
Who was Dexters therapist in season 8?*hint The Brain Surgeon killed her and is related to her. Dr Evelyn Vogel
12%
What was the name of “The Doomsday Killers” mentor? Professor James Gellar
8%
Who killed Isaak?*hint the manager of the club run by the Ukrainian mob George Novikov
7%
What detective returns in N-B Angel Batista
3%
What is the Dexter Spin-off based in New York called? *Hint The Town Is Iron Lake. Dexter New Blood
3%
What is Quinn’s Girlfriends name in Season 7? Nadiya
2%
How does LaGuerta die? Deb shot her
1%
Who is Dexters Lover in The New York Spin-off? Angela Bishop
0%
Why did Quinn and Deb break up? Because Quinn proposed
0%
What do we find out about Isaak when he teams up with Dexter? He was homosexual
0%
What is Dexters fake name in N-B Jim Lindsay
0%
Who is the above characters father? Kurt Caldwell
0%
Who owns the boat that crashed in N-B Matt Caldwell
0%
No matching quizzes found
Score Distribution
Percent of People with Each Score
Percentile by Number Answered
Your Score History
You have not taken this quiz since the last reset